<?xml version="1.0" encoding="UTF-8"?>
<record
    xmlns:xsi="http://www.w3.org/2001/XMLSchema-instance"
    xsi:schemaLocation="http://www.loc.gov/MARC21/slim http://www.loc.gov/standards/marcxml/schema/MARC21slim.xsd"
    xmlns="http://www.loc.gov/MARC21/slim">

  <leader>00915nam a22002417a 4500</leader>
  <controlfield tag="003">AR-BeUNQ</controlfield>
  <controlfield tag="005">20220225124543.0</controlfield>
  <controlfield tag="008">180730b        xxu||||| |||| 00| 0 spa d</controlfield>
  <datafield tag="020" ind1=" " ind2=" ">
    <subfield code="a">9504605761</subfield>
  </datafield>
  <datafield tag="040" ind1=" " ind2=" ">
    <subfield code="a">AR-BeUNQ</subfield>
    <subfield code="b">spa</subfield>
    <subfield code="e">aacr</subfield>
  </datafield>
  <datafield tag="082" ind1=" " ind2=" ">
    <subfield code="a">530 = 373</subfield>
    <subfield code="2">21</subfield>
  </datafield>
  <datafield tag="100" ind1=" " ind2="5">
    <subfield code="a">M&#xE9;rega, Herminia</subfield>
    <subfield code="d">1950</subfield>
    <subfield code="e">direcci&#xF3;n</subfield>
  </datafield>
  <datafield tag="245" ind1=" " ind2="5">
    <subfield code="a">Fisica I :</subfield>
    <subfield code="b">Energ&#xED;a. Mec&#xE1;nica. Termodin&#xE1;mica. Electricidad. Ondas. Nuclear</subfield>
    <subfield code="c">Herminia M&#xE9;rega</subfield>
  </datafield>
  <datafield tag="250" ind1=" " ind2=" ">
    <subfield code="a">1a. ed.</subfield>
  </datafield>
  <datafield tag="260" ind1=" " ind2=" ">
    <subfield code="a">Buenos Aires :</subfield>
    <subfield code="b">Santillana : </subfield>
    <subfield code="c">1999. </subfield>
  </datafield>
  <datafield tag="300" ind1=" " ind2="5">
    <subfield code="a">383 p. ;</subfield>
    <subfield code="b">il ; .</subfield>
    <subfield code="c">30 cm</subfield>
  </datafield>
  <datafield tag="504" ind1=" " ind2=" ">
    <subfield code="a">contiene bibliograf&#xED;a. Indice onam&#xE1;stico. </subfield>
  </datafield>
  <datafield tag="505" ind1=" " ind2=" ">
    <subfield code="a">Al final de cada cap&#xED;tulo : Trabajo Pr&#xE1;cticos, Historia de la Ciencia,  Ciencia en Acci&#xF3;n. </subfield>
    <subfield code="g">Recursos para el Trabajo cient&#xED;fico y Talleres de Ciencias. Documentos.</subfield>
  </datafield>
  <datafield tag="650" ind1=" " ind2="5">
    <subfield code="a">Fisica- Ense&#xF1;anza</subfield>
    <subfield code="2">tell</subfield>
  </datafield>
  <datafield tag="651" ind1=" " ind2="5">
    <subfield code="a">Argentina</subfield>
    <subfield code="2">spines</subfield>
  </datafield>
  <datafield tag="929" ind1=" " ind2=" ">
    <subfield code="a">DONACION</subfield>
    <subfield code="e">23/02/18</subfield>
    <subfield code="j">56820</subfield>
  </datafield>
  <datafield tag="942" ind1=" " ind2=" ">
    <subfield code="c">LIB</subfield>
    <subfield code="n">0</subfield>
  </datafield>
  <datafield tag="999" ind1=" " ind2=" ">
    <subfield code="c">189</subfield>
    <subfield code="d">189</subfield>
  </datafield>
  <datafield tag="952" ind1=" " ind2=" ">
    <subfield code="0">0</subfield>
    <subfield code="1">0</subfield>
    <subfield code="a">BIBESET</subfield>
    <subfield code="b">BIBESET</subfield>
    <subfield code="c">circulacion</subfield>
    <subfield code="d">2018-07-30</subfield>
    <subfield code="l">0</subfield>
    <subfield code="o">530 = 373 / MER</subfield>
    <subfield code="p">56820</subfield>
    <subfield code="r">2018-07-30</subfield>
    <subfield code="w">2022-02-25</subfield>
    <subfield code="y">LIB</subfield>
    <subfield code="k">GA</subfield>
  </datafield>
  <datafield tag="952" ind1=" " ind2=" ">
    <subfield code="0">0</subfield>
    <subfield code="1">0</subfield>
    <subfield code="a">BIBESET</subfield>
    <subfield code="b">BIBESET</subfield>
    <subfield code="c">circulacion</subfield>
    <subfield code="d">2018-07-30</subfield>
    <subfield code="l">0</subfield>
    <subfield code="o">530 = 373 MER</subfield>
    <subfield code="p">56821</subfield>
    <subfield code="r">2018-07-30</subfield>
    <subfield code="w">2022-02-25</subfield>
    <subfield code="y">LIB</subfield>
    <subfield code="k">GA</subfield>
  </datafield>
</record>
